Fast Math - Halve That Number! - Statistics

General Stats
  • This quiz has been taken 150 times
  • The average score is 12 of 20
Answer Stats
number half % Correct
20 10
100%
200 100
100%
206 103
100%
210 105
100%
216 108
100%
218 109
100%
220 110
100%
222 111
100%
228 114
100%
230 115
100%
232 116
100%
234 117
100%
242 121
100%
248 124
100%
252 126
100%
256 128
100%
260 130
100%
278 139
100%
28 14
100%
280 140
100%
284 142
100%
286 143
100%
296 148
100%
298 149
100%
300 150
100%
302 151
100%
314 157
100%
316 158
100%
318 159
100%
32 16
100%
320 160
100%
322 161
100%
324 162
100%
328 164
100%
330 165
100%
332 166
100%
342 171
100%
346 173
100%
348 174
100%
352 176
100%
356 178
100%
36 18
100%
364 182
100%
368 184
100%
374 187
100%
378 189
100%
380 190
100%
392 196
100%
40 20
100%
402 201
100%
404 202
100%
406 203
100%
410 205
100%
416 208
100%
42 21
100%
422 211
100%
424 212
100%
426 213
100%
428 214
100%
430 215
100%
436 218
100%
438 219
100%
44 22
100%
440 220
100%
448 224
100%
452 226
100%
454 227
100%
456 228
100%
46 23
100%
462 231
100%
466 233
100%
468 234
100%
476 238
100%
480 240
100%
484 242
100%
486 243
100%
490 245
100%
50 25
100%
500 250
100%
502 251
100%
506 253
100%
510 255
100%
516 258
100%
52 26
100%
520 260
100%
524 262
100%
534 267
100%
538 269
100%
540 270
100%
554 277
100%
564 282
100%
568 284
100%
570 285
100%
594 297
100%
60 30
100%
600 300
100%
602 301
100%
604 302
100%
606 303
100%
618 309
100%
630 315
100%
634 317
100%
636 318
100%
64 32
100%
642 321
100%
644 322
100%
648 324
100%
66 33
100%
660 330
100%
662 331
100%
672 336
100%
68 34
100%
680 340
100%
690 345
100%
692 346
100%
702 351
100%
704 352
100%
708 354
100%
720 360
100%
722 361
100%
724 362
100%
728 364
100%
734 367
100%
74 37
100%
740 370
100%
742 371
100%
746 373
100%
748 374
100%
756 378
100%
76 38
100%
770 385
100%
786 393
100%
788 394
100%
792 396
100%
80 40
100%
800 400
100%
802 401
100%
808 404
100%
816 408
100%
826 413
100%
830 415
100%
834 417
100%
836 418
100%
838 419
100%
84 42
100%
840 420
100%
844 422
100%
846 423
100%
86 43
100%
860 430
100%
864 432
100%
866 433
100%
868 434
100%
88 44
100%
884 442
100%
890 445
100%
906 453
100%
92 46
100%
926 463
100%
936 468
100%
94 47
100%
940 470
100%
948 474
100%
952 476
100%
96 48
100%
968 484
100%
970 485
100%
974 487
100%
976 488
100%
98 49
100%
984 492
100%
998 499
100%
10 5
100%
100 50
100%
1002 501
100%
1008 504
100%
1018 509
100%
102 51
100%
1020 510
100%
1026 513
100%
1030 515
100%
1038 519
100%
104 52
100%
1050 525
100%
1056 528
100%
1070 535
100%
1076 538
100%
108 54
100%
1090 545
100%
1092 546
100%
1108 554
100%
1118 559
100%
1124 562
100%
1136 568
100%
114 57
100%
1158 579
100%
1162 581
100%
1164 582
100%
1166 583
100%
1170 585
100%
118 59
100%
120 60
100%
1200 600
100%
1202 601
100%
1210 605
100%
1214 607
100%
122 61
100%
1222 611
100%
1228 614
100%
1236 618
100%
124 62
100%
1244 622
100%
1246 623
100%
1250 625
100%
1256 628
100%
126 63
100%
1260 630
100%
1272 636
100%
128 64
100%
1280 640
100%
1290 645
100%
1296 648
100%
1298 649
100%
1302 651
100%
1308 654
100%
1314 657
100%
1336 668
100%
134 67
100%
1340 670
100%
1346 673
100%
1352 676
100%
1370 685
100%
1386 693
100%
1388 694
100%
1392 696
100%
1400 700
100%
1404 702
100%
1410 705
100%
1412 706
100%
1426 713
100%
1428 714
100%
1434 717
100%
1440 720
100%
1442 721
100%
1452 726
100%
1454 727
100%
1472 736
100%
1474 737
100%
148 74
100%
150 75
100%
1500 750
100%
1502 751
100%
1504 752
100%
1506 753
100%
1508 754
100%
1512 756
100%
1514 757
100%
156 78
100%
1590 795
100%
1596 798
100%
16 8
100%
160 80
100%
1600 800
100%
1604 802
100%
1610 805
100%
1614 807
100%
1618 809
100%
162 81
100%
1620 810
100%
1622 811
100%
1624 812
100%
1628 814
100%
164 82
100%
1642 821
100%
1644 822
100%
1652 826
100%
1654 827
100%
1656 828
100%
166 83
100%
168 84
100%
1720 860
100%
1728 864
100%
1730 865
100%
1732 866
100%
1734 867
100%
1736 868
100%
1782 891
100%
1790 895
100%
1792 896
100%
1796 898
100%
1798 899
100%
1800 900
100%
1804 902
100%
1808 904
100%
182 91
100%
1824 912
100%
1840 920
100%
1844 922
100%
1872 936
100%
188 94
100%
1888 944
100%
1892 946
100%
1894 947
100%
190 95
100%
1900 950
100%
1904 952
100%
1912 956
100%
1922 961
100%
1938 969
100%
1968 984
100%
1972 986
100%
1974 987
100%
208 104
88%
622 311
83%
682 341
83%
38 19
80%
394 197
80%
656 328
80%
710 355
80%
824 412
80%
828 414
80%
876 438
80%
1122 561
80%
1698 849
80%
24 12
75%
268 134
75%
310 155
75%
450 225
75%
460 230
75%
488 244
75%
528 264
75%
544 272
75%
718 359
75%
72 36
75%
732 366
75%
78 39
75%
862 431
75%
872 436
75%
886 443
75%
90 45
75%
962 481
75%
980 490
75%
1072 536
75%
1080 540
75%
1082 541
75%
1140 570
75%
1402 701
75%
1582 791
75%
1660 830
75%
1676 838
75%
214 107
67%
226 113
67%
238 119
67%
246 123
67%
26 13
67%
264 132
67%
294 147
67%
312 156
67%
338 169
67%
366 183
67%
412 206
67%
414 207
67%
420 210
67%
432 216
67%
446 223
67%
482 241
67%
498 249
67%
512 256
67%
518 259
67%
526 263
67%
530 265
67%
54 27
67%
550 275
67%
578 289
67%
590 295
67%
592 296
67%
598 299
67%
610 305
67%
624 312
67%
626 313
67%
674 337
67%
726 363
67%
758 379
67%
766 383
67%
782 391
67%
848 424
67%
854 427
67%
914 457
67%
928 464
67%
960 480
67%
972 486
67%
990 495
67%
996 498
67%
1006 503
67%
1014 507
67%
1060 530
67%
1062 531
67%
1088 544
67%
1098 549
67%
1120 560
67%
1180 590
67%
1184 592
67%
1204 602
67%
1216 608
67%
1234 617
67%
1258 629
67%
130 65
67%
1348 674
67%
1354 677
67%
1416 708
67%
1458 729
67%
1510 755
67%
1524 762
67%
1560 780
67%
1632 816
67%
1664 832
67%
1680 840
67%
1694 847
67%
1740 870
67%
1814 907
67%
1818 909
67%
1842 921
67%
1860 930
67%
198 99
67%
1498 749
63%
270 135
60%
288 144
60%
360 180
60%
434 217
60%
532 266
60%
582 291
60%
1110 555
60%
1350 675
60%
1460 730
60%
1710 855
60%
1822 911
60%
196 98
60%
1450 725
57%
22 11
50%
262 131
50%
340 170
50%
358 179
50%
362 181
50%
398 199
50%
418 209
50%
458 229
50%
470 235
50%
472 236
50%
494 247
50%
504 252
50%
514 257
50%
542 271
50%
556 278
50%
596 298
50%
612 306
50%
616 308
50%
638 319
50%
646 323
50%
650 325
50%
652 326
50%
658 329
50%
664 332
50%
668 334
50%
676 338
50%
678 339
50%
688 344
50%
70 35
50%
706 353
50%
712 356
50%
752 376
50%
762 381
50%
778 389
50%
780 390
50%
796 398
50%
806 403
50%
812 406
50%
822 411
50%
874 437
50%
880 440
50%
894 447
50%
904 452
50%
912 456
50%
916 458
50%
930 465
50%
932 466
50%
992 496
50%
1000 500
50%
1028 514
50%
1036 518
50%
1040 520
50%
1042 521
50%
1048 524
50%
1058 529
50%
1068 534
50%
1084 542
50%
1096 548
50%
1100 550
50%
1104 552
50%
1106 553
50%
1114 557
50%
1126 563
50%
1154 577
50%
1168 584
50%
1176 588
50%
1178 589
50%
1182 591
50%
1194 597
50%
1198 599
50%
1206 603
50%
1224 612
50%
1240 620
50%
1254 627
50%
1278 639
50%
1288 644
50%
1300 650
50%
1324 662
50%
1332 666
50%
1338 669
50%
1342 671
50%
1344 672
50%
1356 678
50%
136 68
50%
1362 681
50%
1364 682
50%
1378 689
50%
1382 691
50%
1396 698
50%
140 70
50%
1408 704
50%
1432 716
50%
1438 719
50%
1448 724
50%
1456 728
50%
146 73
50%
1468 734
50%
1470 735
50%
1480 740
50%
1494 747
50%
1496 748
50%
1522 761
50%
1534 767
50%
154 77
50%
1558 779
50%
1564 782
50%
1570 785
50%
1578 789
50%
1580 790
50%
1588 794
50%
1598 799
50%
1612 806
50%
1626 813
50%
1630 815
50%
1634 817
50%
1638 819
50%
1648 824
50%
1650 825
50%
1668 834
50%
1674 837
50%
1682 841
50%
1686 843
50%
1688 844
50%
170 85
50%
1702 851
50%
1716 858
50%
172 86
50%
1758 879
50%
1760 880
50%
1764 882
50%
1770 885
50%
1772 886
50%
178 89
50%
1780 890
50%
1794 897
50%
1802 901
50%
1812 906
50%
1816 908
50%
1820 910
50%
1826 913
50%
1834 917
50%
1852 926
50%
1856 928
50%
1858 929
50%
1864 932
50%
1876 938
50%
1880 940
50%
1882 941
50%
1890 945
50%
1898 949
50%
1902 951
50%
1914 957
50%
1932 966
50%
194 97
50%
1940 970
50%
1946 973
50%
1950 975
50%
1952 976
50%
1956 978
50%
1962 981
50%
1978 989
50%
1986 993
50%
1152 576
44%
382 191
40%
508 254
40%
772 386
40%
820 410
40%
900 450
40%
1220 610
40%
1276 638
40%
1292 646
40%
152 76
40%
1748 874
40%
1910 955
40%
276 138
33%
308 154
33%
326 163
33%
334 167
33%
350 175
33%
376 188
33%
396 198
33%
48 24
33%
496 248
33%
548 274
33%
552 276
33%
558 279
33%
58 29
33%
628 314
33%
670 335
33%
696 348
33%
716 358
33%
744 372
33%
768 384
33%
784 392
33%
870 435
33%
956 478
33%
964 482
33%
1032 516
33%
1054 527
33%
110 55
33%
1128 564
33%
1132 566
33%
1144 572
33%
1188 594
33%
1190 595
33%
1310 655
33%
1320 660
33%
1330 665
33%
1372 686
33%
138 69
33%
1384 692
33%
1420 710
33%
1436 718
33%
1520 760
33%
1536 768
33%
1538 769
33%
1592 796
33%
1708 854
33%
1830 915
33%
1838 919
33%
1906 953
33%
1918 959
33%
1926 963
33%
608 304
25%
694 347
25%
934 467
25%
938 469
25%
1306 653
25%
1446 723
25%
1492 746
25%
1552 776
25%
1562 781
25%
1762 881
25%
1878 939
25%
1884 942
25%
1944 972
25%
1964 982
25%
244 122
20%
580 290
20%
776 388
20%
856 428
20%
1262 631
20%
1360 680
20%
202 101
0%
204 102
0%
212 106
0%
224 112
0%
236 118
0%
240 120
0%
250 125
0%
254 127
0%
258 129
0%
266 133
0%
272 136
0%
274 137
0%
282 141
0%
290 145
0%
292 146
0%
30 15
0%
304 152
0%
306 153
0%
336 168
0%
34 17
0%
344 172
0%
354 177
0%
370 185
0%
372 186
0%
384 192
0%
386 193
0%
388 194
0%
390 195
0%
400 200
0%
408 204
0%
442 221
0%
444 222
0%
464 232
0%
474 237
0%
478 239
0%
492 246
0%
522 261
0%
536 268
0%
546 273
0%
56 28
0%
560 280
0%
562 281
0%
566 283
0%
572 286
0%
574 287
0%
576 288
0%
584 292
0%
586 293
0%
588 294
0%
614 307
0%
62 31
0%
620 310
0%
632 316
0%
640 320
0%
654 327
0%
666 333
0%
684 342
0%
686 343
0%
698 349
0%
700 350
0%
714 357
0%
730 365
0%
736 368
0%
738 369
0%
750 375
0%
754 377
0%
760 380
0%
764 382
0%
774 387
0%
790 395
0%
794 397
0%
798 399
0%
804 402
0%
810 405
0%
814 407
0%
818 409
0%
82 41
0%
832 416
0%
842 421
0%
850 425
0%
852 426
0%
858 429
0%
878 439
0%
882 441
0%
888 444
0%
892 446
0%
896 448
0%
898 449
0%
902 451
0%
908 454
0%
910 455
0%
918 459
0%
920 460
0%
922 461
0%
924 462
0%
942 471
0%
944 472
0%
946 473
0%
950 475
0%
954 477
0%
958 479
0%
966 483
0%
978 489
0%
982 491
0%
986 493
0%
988 494
0%
994 497
0%
1004 502
0%
1010 505
0%
1012 506
0%
1016 508
0%
1022 511
0%
1024 512
0%
1034 517
0%
1044 522
0%
1046 523
0%
1052 526
0%
106 53
0%
1064 532
0%
1066 533
0%
1074 537
0%
1078 539
0%
1086 543
0%
1094 547
0%
1102 551
0%
1112 556
0%
1116 558
0%
112 56
0%
1130 565
0%
1134 567
0%
1138 569
0%
1142 571
0%
1146 573
0%
1148 574
0%
1150 575
0%
1156 578
0%
116 58
0%
1160 580
0%
1172 586
0%
1174 587
0%
1186 593
0%
1192 596
0%
1196 598
0%
12 6
0%
1208 604
0%
1212 606
0%
1218 609
0%
1226 613
0%
1230 615
0%
1232 616
0%
1238 619
0%
1242 621
0%
1248 624
0%
1252 626
0%
1264 632
0%
1266 633
0%
1268 634
0%
1270 635
0%
1274 637
0%
1282 641
0%
1284 642
0%
1286 643
0%
1294 647
0%
1304 652
0%
1312 656
0%
1316 658
0%
1318 659
0%
132 66
0%
1322 661
0%
1326 663
0%
1328 664
0%
1334 667
0%
1358 679
0%
1366 683
0%
1368 684
0%
1374 687
0%
1376 688
0%
1380 690
0%
1390 695
0%
1394 697
0%
1398 699
0%
14 7
0%
1406 703
0%
1414 707
0%
1418 709
0%
142 71
0%
1422 711
0%
1424 712
0%
1430 715
0%
144 72
0%
1444 722
0%
1462 731
0%
1464 732
0%
1466 733
0%
1476 738
0%
1478 739
0%
1482 741
0%
1484 742
0%
1486 743
0%
1488 744
0%
1490 745
0%
1516 758
0%
1518 759
0%
1526 763
0%
1528 764
0%
1530 765
0%
1532 766
0%
1540 770
0%
1542 771
0%
1544 772
0%
1546 773
0%
1548 774
0%
1550 775
0%
1554 777
0%
1556 778
0%
1566 783
0%
1568 784
0%
1572 786
0%
1574 787
0%
1576 788
0%
158 79
0%
1584 792
0%
1586 793
0%
1594 797
0%
1602 801
0%
1606 803
0%
1608 804
0%
1616 808
0%
1636 818
0%
1640 820
0%
1646 823
0%
1658 829
0%
1662 831
0%
1666 833
0%
1670 835
0%
1672 836
0%
1678 839
0%
1684 842
0%
1690 845
0%
1692 846
0%
1696 848
0%
1700 850
0%
1704 852
0%
1706 853
0%
1712 856
0%
1714 857
0%
1718 859
0%
1722 861
0%
1724 862
0%
1726 863
0%
1738 869
0%
174 87
0%
1742 871
0%
1744 872
0%
1746 873
0%
1750 875
0%
1752 876
0%
1754 877
0%
1756 878
0%
176 88
0%
1766 883
0%
1768 884
0%
1774 887
0%
1776 888
0%
1778 889
0%
1784 892
0%
1786 893
0%
1788 894
0%
18 9
0%
180 90
0%
1806 903
0%
1810 905
0%
1828 914
0%
1832 916
0%
1836 918
0%
184 92
0%
1846 923
0%
1848 924
0%
1850 925
0%
1854 927
0%
186 93
0%
1862 931
0%
1866 933
0%
1868 934
0%
1870 935
0%
1874 937
0%
1886 943
0%
1896 948
0%
1908 954
0%
1916 958
0%
192 96
0%
1920 960
0%
1924 962
0%
1928 964
0%
1930 965
0%
1934 967
0%
1936 968
0%
1942 971
0%
1948 974
0%
1954 977
0%
1958 979
0%
1960 980
0%
1966 983
0%
1970 985
0%
1976 988
0%
1980 990
0%
1982 991
0%
1984 992
0%
1988 994
0%
No matching quizzes found
Score Distribution
Percent of People with Each Score
Percentile by Number Answered
Your Score History
You have not taken this quiz